00334nam a2200097Ia 4500008004100000020001800041100002200059245009800081260003700179300002000216180315s9999 xx 000 0 und d a9781462518135 aNorcross, John C. cSayette, MichaelaInsider's guide to graduate programs in clinical and counseling psychology  aNew York :b2014cGuilford Press axvii, 425 pages